Một số khía cạnh của việc nâng cao hiệu suất hoạt động của Toà Hành chính trong việc giải quyết các khiếu kiện hành chính /
Tallennettuna:
| Päätekijä: | |
|---|---|
| Aineistotyyppi: | Artikkeli |
| Kieli: | Vietnamese |
| Aiheet: | |
| Tagit: |
Lisää tagi
Ei tageja, Lisää ensimmäinen tagi!
|
| Thư viện lưu trữ: | Thư viện Trường Đại học Đà Lạt |
|---|
| LEADER | 00827nam a2200253 4500 | ||
|---|---|---|---|
| 001 | DLU040027007 | ||
| 040 | # | # | |a DLU |b vie |
| 041 | # | # | |a vie |
| 044 | # | # | |a vn |
| 100 | # | # | |a Vũ Thư |
| 245 | # | # | |a Một số khía cạnh của việc nâng cao hiệu suất hoạt động của Toà Hành chính trong việc giải quyết các khiếu kiện hành chính / |c Vũ Thư |
| 653 | # | # | |a Giải quyết khiếu nại |
| 653 | # | # | |a Toà án hành chính |
| 773 | # | # | |a Nhà nước và Pháp luật |g Số 8(184) - 2003, tr. 25 - 31 |
| 920 | # | # | |a Phòng Tạp chí -- Trung tâm Thông tin - Thư viện Trường Đại học Đà Lạt |
| 933 | # | # | |a LH |
| 994 | # | # | |a DLU |
| 900 | # | # | |a True |
| 911 | # | # | |a Nguyễn Năng Hải |
| 925 | # | # | |a G |
| 926 | # | # | |a A |
| 927 | # | # | |a BB |
| 980 | # | # | |a Thư viện Trường Đại học Đà Lạt |